Hydraulics and its Applications (Record no. 783)

000 -LEADER
fixed length control field 00370nam a2200145 4500
008 - FIXED-LENGTH DATA ELEMENTS--GENERAL INFORMATION
fixed length control field 191218b ||||| |||| 00| 0 eng d
082 00 - DEWEY DECIMAL CLASSIFICATION NUMBER
Classification number 532
Item number G4481
100 ## - MAIN ENTRY--PERSONAL NAME
9 (RLIN) 310
Personal name Gibson, A. H.
245 10 - TITLE STATEMENT
Title Hydraulics and its Applications
250 ## - EDITION STATEMENT
Edition statement 5th ed.
260 ## - PUBLICATION, DISTRIBUTION, ETC. (IMPRINT)
Place of publication, distribution, etc London
Name of publisher, distributor, etc Contable
Date of publication, distribution, etc 1952
300 ## - PHYSICAL DESCRIPTION
Extent xv, 813 p.
650 #0 - SUBJECT ADDED ENTRY--TOPICAL TERM
Topical term or geographic name as entry element Hydraulics
942 ## - ADDED ENTRY ELEMENTS (KOHA)
Source of classification or shelving scheme
Item type Books
Holdings
Withdrawn status Lost status Source of classification or shelving scheme Damaged status Not for loan Permanent location Current location Date acquired Full call number Barcode Date last seen Koha item type
          IMU Kolkata IMU Kolkata 1952-10-10 532 G4481 00274 2019-12-18 Books
          IMU Kolkata IMU Kolkata 1952-10-10 532 G4481 00275 2019-12-18 Books
Designed and Maintained by IMU-KC Library, Kolkata Campus © Copyright All Rights Reserved

webs counters

Powered by Koha